Living with the chip

保存先:
書誌詳細
第一著者: David Manners
フォーマット: 図書
言語:Undetermined
出版事項: London Chapman & Hall 1995
主題:
タグ: タグ追加
タグなし, このレコードへの初めてのタグを付けませんか!
Thư viện lưu trữ: Trung tâm Học liệu Trường Đại học Cần Thơ
LEADER 00450nam a2200169Ia 4500
001 CTU_87164
008 210402s9999 xx 000 0 und d
082 |a 004 
082 |b M281 
100 |a David Manners 
245 0 |a Living with the chip 
245 0 |c David Manners 
260 |a London 
260 |b Chapman & Hall 
260 |c 1995 
650 |a microelectronics,electronic industry 
980 |a Trung tâm Học liệu Trường Đại học Cần Thơ